00496nam a2200145Ia 4500003000400000008004100004040001600045082001600061100002200077245013500099260004200234300001000276650003100286650003300317GCL140319s9999 xx 000 0 eng d aGCL / cGCL04a025.06bR S1 aRENEHAN, EDWARD J10aSCIENCE ON THE WEP: A CONNOISSEUR'S GUIDE TO OVER 500 OF THE BEST, MOST USEFUL AND MOST FUN SCIENCE WEBSITES / cRENEHAN, EDWARD J a[S.N] : bSPRINGER - VERLAG ، c1996 a382 P04aSCIENCE - COMPUTER NETWORK04aINFORMATION RETRIEVEL SYSTEM